| 000 | 00816nam a2200253 i 4500 | ||
|---|---|---|---|
| 001 | bg | ||
| 100 | 1 | _aWRANIK, Józef | |
| 245 | 0 | 0 |
_aObliczanie konstrukcji żelbetowych w oparciu o model materiału nieliniowo-sprężystego / _cJózef Wranik ; Uniwersytet Zielonogórski. |
| 260 |
_aZielona Góra : _bOficyna Wydawnicza UZ, _c2003. |
||
| 300 |
_a68 s. : _bwykr. ; _c24 cm. |
||
| 504 | _aBibliogr. | ||
| 650 | 9 | _aKonstrukcje żelbetowe | |
| 650 | 9 |
_aSprężystość _xbadanie |
|
| 650 | 9 |
_aNaprężenia i odkształcenia _xbadanie |
|
| 655 | _aPodręczniki akademickie | ||
| 710 | 0 | _aUniwersytet Zielonogórski | |
| 020 | _a8389321564 | ||
| 040 | _cBPK | ||
| 041 | 0 | _apol | |
| 080 | _a624.012.45:539.3/.4](075.8) | ||
| 920 | _a83-89321-56-4 | ||
| 942 | _cKS | ||
| 008 | s pl f |000 0 pol | ||
| 999 |
_c43941 _d43941 |
||
| 856 |
_uhttp://koha.tu.koszalin.pl/cgi-bin/koha/opac-detail.pl?biblionumber=43941 _yKatalog online BPK |
||